Robert Schuman pere de l'Europe

Saved in:
Bibliographic Details
Main Author: Pelt, Jean-Marie
Format: Book
Language:French
Published: Paris Fondation Robert Schuman 2001
Subjects:
Tags: Add Tag
No Tags, Be the first to tag this record!

MARC

LEADER 00000nam a2200000 4500
001 c129231
005 20230228085049.5
020 |a 2-912645-31-X 
041 0 |a fre 
044 |a FR 
245 1 0 |a Robert Schuman  |b pere de l'Europe  |c Jean-Marie Pelt 
264 1 |a Paris  |b Fondation Robert Schuman  |c 2001 
300 |a 78 s. 
610 2 0 |a biografia 
610 2 0 |a politika 
610 2 0 |a politika medzinárodná 
610 2 0 |a parlamenty 
610 2 0 |a prezidenti 
610 2 0 |a spolupráca medzinárodná 
610 2 0 |a Európa 
610 2 0 |a Schuman, R. 
100 1 |a Pelt, Jean-Marie